|
|
|
|
| LEADER |
00000nta a2200000 i 4500 |
| 001 |
dolg2108 |
| 005 |
20160413112125.0 |
| 008 |
150824suuuu hu om 000 hun d |
| 040 |
|
|
|a BGE Dolgozattár Repozitórium
|b hun
|
| 041 |
|
|
|a hu
|
| 100 |
1 |
|
|a Kunos Ádám Péter
|
| 245 |
1 |
2 |
|a A technikai elemzéses kereskedési technika összehasonlítása a buy and hold stratégiával és a lekötött betétek hozamával
|c Kunos Ádám Péter
|h [elektronikus dokumentum]
|
| 695 |
|
|
|a Technikai elemzés
|
| 695 |
|
|
|a Primer kutatás
|
| 700 |
1 |
|
|a Vallyon Dr. Andrea
|e ths
|
| 856 |
4 |
0 |
|u http://dolgozattar.uni-bge.hu/2108/1/Szakdolgozat%20Kunos%20%C3%81d%C3%A1m%20P%C3%A9ter%20HDL4UV.pdf
|z Dokumentum-elérés
|